000
00328nam a2200145Ia 4500
008
240624s9999 xx 000 0 und d
041
_a
eng
082
_a
920 TEZ
100
_a
TEZUKA OSAMU
245
_a
BUDDHA
260
_c
2006
_a
New Delhi
_b
HarperCollins
300
_a
400 : p. : cm. ; 20
365
_c
RS
_b
25
440
_v
3
999
_c
18810
_d
18810